The Atlantic Archipelago - Statistics

General Stats
  • This quiz has been taken 24 times
    20 since last reset
  • The average score is 24 of 55
Answer Stats
Hint Answer % Correct
Sovereign States Ireland
100%
10 Largest islands by area 81,638 km2 Ireland
100%
Sovereign States United Kingdom of Great Britain and Northern Ireland
100%
Straits English Channel
83%
Living indigenous languages Celtic (Goidelic) Irish
83%
Seas and oceans Irish Sea
83%
Seas and oceans North Sea
83%
Living indigenous languages Germanic English
75%
10 Largest islands by area 209,331 km2 Great Britain
75%
Crown Dependency Isle of Man
75%
10 Largest islands by area 572 km2 Isle of Man
75%
Seas and oceans Atlantic Ocean
67%
Seas and oceans Celtic Sea
67%
Living indigenous languages Francosign Irish Sign Language
67%
10 Largest islands by area 1,656 km2 Isle of Skye
67%
Living indigenous languages Germanic Scots
67%
Living indigenous languages Celtic (Brittonic) Cornish
58%
Inland water Largest by volume Loch Ness (7.45 km3)
58%
Living indigenous languages Celtic (Goidelic) Manx Gaelic
58%
Extremes Highest point Ben Nevis (1345 m)
50%
10 Largest islands by area 875 km2 Isle of Mull
50%
10 Largest islands by area 2,179 km2 Lewis and Harris
50%
Living indigenous languages Celtic (Brittonic) Welsh
50%
Island sub groups Inner Hebrides
42%
10 Largest islands by area 969 km2 Mainland (Shetland)
42%
Island sub groups Outer Hebrides
42%
Living indigenous languages Celtic (Goidelic) Scottish Gaelic
42%
Island sub groups Shetland Islands
42%
Living indigenous languages BANZSL British Sign Language
33%
10 Largest islands by area 620 km2 Islay
33%
Island sub groups Isles of Scilly
33%
Inland water Largest by area Lough Neagh (151 km2)
33%
10 Largest islands by area 523 km2 Mainland (Orkney)
33%
Island sub groups Orkney Islands
33%
10 Largest islands by area 714 km2 Anglesey (including Holy Island)
25%
Island sub groups Aran Islands
25%
Inland water Longest river River Shannon (360.5 km)
25%
Straits St George's Channel
25%
Extremes Westernmost point Foze Rocks (10° 41.3')
17%
Inland water Deepest Loch Morar (310 m)
17%
Extremes Easternmost point Lowestoft Ness (52°29′N 1°46′E)
17%
Straits Menai Strait
17%
Straits North Channel
17%
Living indigenous languages BANZSL Northern Irish Sign Language
17%
Extremes Lowest point North Slob (3 m below sea level)
17%
Extremes Southernmost point Pednathise Head (49°51′N 6°24′W)
17%
Straits Pentland Firth
17%
Seas and oceans Sea of the Hebrides
17%
Living indigenous languages Mixed Shelta ("the Cant")
17%
Straits Strait of Dover
17%
Living indigenous languages Mixed Angloromani
8%
Island sub groups Blasket Islands / The Blaskets
8%
Extremes Northernmost point Out Stack (60°51′N 0°52′W)
8%
Island sub groups Skellig Islands / The Skelligs
8%
Straits The Minch
8%
No matching quizzes found
Score Distribution
Percent of People with Each Score
Percentile by Number Answered
Your Score History
You have not taken this quiz since the last reset